000 01173nam a2200301 4500
001 0000021404
003 CO-CtgCURN
005 20250513142302.0
007 ta
008 160627s2005 000 0 eng d
020 _a9506791228
040 _aCO-CtgCURN
_bspa
_ccoctgcurn
082 0 _a344.041
_bN456e
100 1 _aNiño, Luis Fernando.
245 1 0 _aEutanasia, morir con dignidad :
_bconsecuencias juridico-penales /
_cLuis Fernando Niño.
260 _aBuenos Aires :
_bEditorial Universidad,
_c2005.
300 _a268 p.
336 _2rdacontent
337 _2rdamedia
_asin mediacion
_bn
338 _2rdacarrier
_avolumen
_bnc
500 _aContiene texto al pie de la pagina.
504 _aBibliografia (p. 251-268)
505 8 _aVida y muerte del hombre segun las doctrinas tradicionales de la iglesia catolica y el liberalismo clasico.--Vida y muerte del hombre en el estado social y democratico.--En pos de una nueva vision del problema eutanasico: vida libre y muerte digna
650 1 4 _aEutanasia.
908 _a160627
942 _cBK
_h344.041
_iN456e
_2ddc
_n0
999 _c19667
_d19667